| 000 | 00445cam a2200181ua 4500 | ||
|---|---|---|---|
| 020 | _c2.00 | ||
| 041 |
_amal _h |
||
| 082 |
_a894.8122 _bVAL/PA |
||
| 100 | _aVallathol, . | ||
| 245 |
_aPancharatram / _cVallathol. _hTextual Documents |
||
| 250 |
_a1 / _b. |
||
| 260 |
_aThrissur : _bVallathole Printing and Publishing House , _c1970. |
||
| 300 | _a95 ; . | ||
| 365 | _a2.00 | ||
| 504 | _a | ||
| 942 | _cBK | ||
| 999 |
_c12561 _d12561 |
||